Zázračný dotek /

Hlavní autor: Klavan, Andrew, 1954-
Další autoři: Romancov, Michael, překladatel
Jazyk: Čeština
Vydáno: Praha : BB art, 2002
Vydání: 1. vyd. v českém jazyce
Témata:
Fyzický popis: 390 s. ; 21 cm
Knihy
Uloženo v:
LEADER 01006nam a2200313 a 4500
001 000599782
003 CZ BrMZK
005 20100329104620.0
007 ta
008 020513s2002 xr g f cze d
015 |a cnb001122917 
020 |a 80-7257-641-0 
035 |a (OCoLC)51189954 
040 |a BOA001  |b cze 
041 1 |a cze  |h eng 
072 7 |a 821.111(73)-3  |x Americká próza  |2 Konspekt  |9 25 
080 |a 821.111(73)-31  |2 MRF 
080 |a (0:82-31)  |2 MRF 
100 1 |a Klavan, Andrew,  |d 1954-  |7 xx0001794  |4 aut 
245 1 0 |a Zázračný dotek /  |c Andrew Klavan ; přeložil Michael Romancov 
250 |a 1. vyd. v českém jazyce 
260 |a Praha :  |b BB art,  |c 2002 
300 |a 390 s. ;  |c 21 cm 
655 7 |a americké romány  |7 fd131796  |2 czenas 
700 1 |a Romancov, Michael,  |c překladatel  |4 trl 
765 0 |t Hunting down Amanda  |9 Česky 
910 |a BOA001  |b 2-1102.994 
990 |a BK 
996 6 |b 2610160889  |c 2-1102.994  |l MZK  |r Sklad / do 1 hodiny  |n 0  |p p.v.  |w 000599782  |u 000010  |a 1  |e BOA001  |j MZK50  |s P